000 00657nam a22001817a 4500
005 20090204150622.0
008 090204t xxu||||| |||| 00| 0 eng d
022 _a0973-1598
082 _a658
245 _aSMART
_bjournal of business management studies
260 _aTiruchirappalli
_bScientific Management and Advanced Research Trust
300 _av.
_c24 cm
310 _aHalf-yearly
650 _aBusiness management
270 _aAirport P O, 150, Kalayanasundaram Nagar
_bTiruchirappalli
_e620007
942 _2ddc
_cSR
_h658
_mSMA
_s1
999 _c23020
_d23020